Миграционные преобразования в сейсморазведке

Détails bibliographiques
Auteur principal: Козлов Е. А. Евгений Алексеевич
Langue:russe
Publié: Москва, Недра, 1986
Sujets:
Format: MixedMaterials Livre
KOHA link:https://koha.lib.tpu.ru/cgi-bin/koha/opac-detail.pl?biblionumber=108279

MARC

LEADER 00000nam0a2200000 4500
001 108279
005 20231031115559.0
035 |a (RuTPU)RU\TPU\book\116887 
090 |a 108279 
100 |a 20070118d1986 m a0rusy5003 ca 
101 0 |a rus 
102 |a RU 
105 |a a z 001zy 
200 1 |a Миграционные преобразования в сейсморазведке  |f Е. А. Козлов 
210 |a Москва  |c Недра  |d 1986 
215 |a 245 с.  |c ил. 
320 |a Библиогр.: с. 244-246. 
610 1 |a преобразования 
610 1 |a сейсморазведка 
610 1 |a миграция 
610 1 |a сейсмическая разведка 
610 1 |a результаты 
610 1 |a обработка 
675 |a 550.834.01  |v 3 
700 1 |a Козлов  |b Е. А.  |g Евгений Алексеевич 
801 0 |a RU  |b RuMRKP  |c 19950704  |g psbo 
801 1 |a RU  |b 63413507  |c 20070118  |g PSBO 
801 2 |a RU  |b 63413507  |c 20180821  |g PSBO 
942 |c BK